000 00526nam a2200229Ia 4500
003 OSt
005 20221005125225.0
006 a|||||r|||| 00| 0
007 ta
008 221004b |||||||| |||| 00| 0 eng d
024 _a34378
037 _cTextual
040 _aCRL
_cCRL
_beng
041 _2eng
_aeng
082 _aN5541xL46, H8;J8
100 _aGoya
245 0 _aPaintings
260 _c1958
650 _aARTS
942 _hN5541xL46, H8;J8
_cTEXL
_2cc
999 _c1053328
_d1053328